000 00481nam a2200169Ia 4500
005 20250508155210.0
008 008 250505s9999 xx 000 0 hin d
037 _aBooks to be hide in OPAC
040 _aFEDL
_beng
_cFEDL
041 _ahin
_2eng
084 _a370.95425, UTT/O
_qFEDL
245 0 _aShiksha ki pragati
260 _aLucknow, India
_bShiksha Patrika Vibhag
_c1959
300 _a43p
942 _cHB
_h370.95425, UTT/O
999 _c1355152
_d1355152